| 000 | 00885nam a22002657a 4500 | ||
|---|---|---|---|
| 999 |
_c6963 _d6963 |
||
| 003 | AR-CdUCM | ||
| 008 | 190319b ||||| |||| 00| 0 spa d | ||
| 040 |
_aMUNICIPALIDAD PROVINCIAL DEL CUSCO _cBIBLIOTECA MUNICIPAL DEL CUSCO |
||
| 041 | _heng | ||
| 082 |
_a599.938 / _bM12 |
||
| 100 |
_aMcKusick, Victor A. _919635 |
||
| 245 | _aGenetica Humana / | ||
| 260 |
_aMexico : _bHispano Americana, _c1967. |
||
| 300 |
_a226 paginas ; _bIlustraciones, graficos, _c18cm. |
||
| 440 |
_aManuales Uteha _n4 _919636 |
||
| 500 | _aGenetica | ||
| 505 | _aContenido: Cromosomas humanos -- Genes en la parentela -- genes en el individuo -- genes en el desarrollo -- evolucion -- población... | ||
| 650 |
_aGenetica _95063 |
||
| 650 |
_aHumana _919436 |
||
| 650 |
_aCiencia _92098 |
||
| 650 |
_aSociedad _953 |
||
| 700 |
_aLanuza Araujo, jose _919637 |
||
| 942 |
_2ddc _cLIBROS |
||
| 945 | _apjha | ||